Edizioni vinte dalla Juventus in Serie A - Statistics

Statistiche generali
  • Questo quiz è stato fatto 199 volte
  • Il punteggio medio è 28 su 36
Statistiche sulle risposte
Allenatore Anno % Corretto
Antonio Conte 2013
99%
Antonio Conte 2012
98%
Antonio Conte 2014
98%
Massimiliano Allegri 2015
98%
Massimiliano Allegri 2016
97%
Massimiliano Allegri 2017
97%
Massimiliano Allegri 2018
97%
Massimiliano Allegri 2019
97%
Maurizio Sarri 2020
97%
Marcello Lippi 2002
95%
Marcello Lippi 1995
93%
Marcello Lippi 1997
93%
Marcello Lippi 2003
93%
Marcello Lippi 1998
92%
Giovanni Trapattoni 1982
89%
Giovanni Trapattoni 1984
88%
Giovanni Trapattoni 1986
86%
Giovanni Trapattoni 1981
85%
Giovanni Trapattoni 1977
81%
Giovanni Trapattoni 1978
81%
Carlo Parola 1975
76%
Heriberto Herrera 1967
75%
Čestmír Vycpálek 1972
75%
Čestmír Vycpálek 1973
75%
Renato Cesarini 1961
74%
Renato Cesarini 1960
73%
Jesse Carver 1950
67%
Ljubiša Broćić 1958
66%
György Sárosi 1952
65%
Carlo Bigatto 1935
56%
Carlo Carcano 1932
53%
Carlo Carcano 1933
53%
Carlo Carcano 1934
53%
Carlo Carcano 1931
50%
József Viola 1926
43%
Jenő Károly 1905
33%
Nessun quiz corrispondente trovato
Distribuzione punteggi
Percentuale di utenti per punteggio
Percentile per numero di risposta
I tuoi punteggi nel tempo
Non hai fatto questo quiz